000 00281nam a22001337a 4500
008 181105b xxu||||| |||| 00| 0 eng d
020 _a9780812098198
041 _aeng
080 _a510
100 _a37
101 _aMAT
245 _aCalculus
_cGootman.e.c
942 _2udc
_cBK
999 _c51846
_d51846